000
00339nam a2200145Ia 4500
008
230524s9999 xx 000 0 und d
082
_a
4
_b
THI
100
_a
R.Thiagarajan
245
0
_a
Computer for Biggners
260
_a
NEW DELHI
_b
Stering
_c
1993
300
_a
XI;81
500
_a
Quantity Number: 2
650
_a
Comp-Sc
942
_c
BK
999
_c
5558
_d
5558